| 000 | 00505nam a22001937a 4500 | ||
|---|---|---|---|
| 005 | 20260514132336.0 | ||
| 008 | 260514b |||||||| |||| 00| 0 eng d | ||
| 020 |
_a9789332550339 _c720.00 |
||
| 040 | _aMAIN | ||
| 041 | _aEnglish | ||
| 082 |
_a621.3822 _bOPP |
||
| 100 |
_aOppenheim, Alan V. _926825 |
||
| 245 | _aDigital Signal Processing | ||
| 260 |
_aNoida _bPearson _c2024 |
||
| 300 | _a585 | ||
| 650 |
_aComputer Science (PM (USHA) _926808 |
||
| 700 |
_aSchafer, Ronald W. _926826 |
||
| 942 | _cBK | ||
| 999 |
_c60802 _d60802 |
||